Score 0/60 Timer 06:00
0 Plays Today
Hint Answer % Correct
✧ Category: Just For Fun ✧
✧ Topic: This or That ✧
Coca-Cola or Pepsi?
100%
✧ Category: Miscellaneous ✧
✧ Topic: Sayings and Phrases ✧
Unnecessary bureaucracy is...
100%
✧ Category: History ✧
✧ Topic: Revolutions ✧
Red October (1917)
100%
✧ Category: Literature ✧
✧ Topic: Literary Missing Word ✧
'The Red Badge of _____' by Stephen Crane
100%
✧ Category: Just For Fun ✧
✧ Topic: This or That ✧
Meowth or Mewtwo?
100%
✧ Category: Just For Fun ✧
✧ Topic: This or That ✧
Franken Berry or Boo Berry?
100%
✧ Category: Just For Fun ✧
✧ Topic: This or That ✧
The Hulk or The Thing?
100%
✧ Category: Just For Fun ✧
✧ Topic: This or That ✧
Bert or Ernie?
100%
✧ Category: Just For Fun ✧
✧ Topic: This or That ✧
Honeydew or Cantaloupe?
100%
✧ Category: Language ✧
✧ Topic: Colors in Other Languages ✧
Rouge
100%
✧ Category: Language ✧
✧ Topic: Colors in Other Languages ✧
बैंगनी (bainganī)
100%
✧ Category: Language ✧
✧ Topic: Colors in Other Languages ✧
Azul
100%
✧ Category: Language ✧
✧ Topic: Colors in Other Languages ✧
緑 (midori)
100%
✧ Category: Language ✧
✧ Topic: Colors in Other Languages ✧
κίτρινο (kitrino)
100%
✧ Category: Language ✧
✧ Topic: Colors in Other Languages ✧
Arancione
100%
✧ Category: Literature ✧
✧ Topic: Literary Missing Word ✧
'The _____ Purple' by Alice Walker
100%
✧ Category: Literature ✧
✧ Topic: Literary Missing Word ✧
'Even _____ Get the Blues' by Tom Robbins
100%
✧ Category: Literature ✧
✧ Topic: Literary Missing Word ✧
'_____ of Green Gables' by Lucy Maud Montgomery
100%
✧ Category: Literature ✧
✧ Topic: Literary Missing Word ✧
'The Yellow _____' by Charlotte Perkins Gilman
100%
✧ Category: Literature ✧
✧ Topic: Literary Missing Word ✧
'A _____ Orange' by Anthony Burgess
100%
✧ Category: History ✧
✧ Topic: Revolutions ✧
Purple Revolution (2005)
100%
✧ Category: History ✧
✧ Topic: Revolutions ✧
Blue Rebellion (1859)
100%
✧ Category: History ✧
✧ Topic: Revolutions ✧
Green Movement (2009)
100%
✧ Category: History ✧
✧ Topic: Revolutions ✧
Yellow Revolution (1986)
100%
✧ Category: History ✧
✧ Topic: Revolutions ✧
Orange Revolution (2004)
100%
✧ Category: Miscellaneous ✧
✧ Topic: Sayings and Phrases ✧
Overly flowery writing is called…
100%
✧ Category: Miscellaneous ✧
✧ Topic: Sayings and Phrases ✧
A faithful companion is said to be...
100%
✧ Category: Miscellaneous ✧
✧ Topic: Sayings and Phrases ✧
Good gardeners are said to have...
100%
✧ Category: Miscellaneous ✧
✧ Topic: Sayings and Phrases ✧
Sensationalist reporters practice...
100%
✧ Category: Miscellaneous ✧
✧ Topic: Sayings and Phrases ✧
To relate unlike items is like comparing...
100%
Hint Answer % Correct
Can you pick the correct item or character
associated with these colors?
Coca-Cola
94.1%
Can you pick the correct item or character
associated with these colors?
The Hulk
92.6%
Can you pick the correct item or character
associated with these colors?
Cantaloupe
92.4%
Can you pick the correct item or character
associated with these colors?
Bert
91.9%
Can you pick the correct item or character
associated with these colors?
Boo Berry
90.8%
Can you name the language each
of these color words are taken from?
French
89.1%
Can you name the country where each
of these colorfully named revolutions took place?
Russia
88%
Can you name the colorful phrase
or saying described below?
Green Thumb or Green Fingers
88%
Can you pick the correct item or character
associated with these colors?
Mewtwo
87.5%
Can you name the word missing
from these colorfully titled works?
Clockwork
86.3%
Can you name the word missing
from these colorfully titled works?
Color
85%
Can you name the word missing
from these colorfully titled works?
Anne
83.5%
Can you name the language each
of these color words are taken from?
Spanish
82.4%
Can you name the colorful phrase
or saying described below?
Apples and Oranges
79.6%
Can you name the language each
of these color words are taken from?
Japanese
79.1%
Can you name the word missing
from these colorfully titled works?
Courage
75.3%
Can you name the colorful phrase
or saying described below?
Red tape
67.2%
Can you name the language each
of these color words are taken from?
Italian
62.8%
Can you name the colorful phrase
or saying described below?
Yellow Journalism
59.5%
Can you name the colorful phrase
or saying described below?
True Blue
51.9%
Can you name the language each
of these color words are taken from?
Greek
51.1%
Can you name the language each
of these color words are taken from?
Hindi
42.7%
Can you name the colorful phrase
or saying described below?
Purple Prose
38.7%
Can you name the word missing
from these colorfully titled works?
Cowgirls
31%
Can you name the country where each
of these colorfully named revolutions took place?
Ukraine
30.5%
Can you name the country where each
of these colorfully named revolutions took place?
India
28.8%
Can you name the country where each
of these colorfully named revolutions took place?
Iran
24.4%
Can you name the country where each
of these colorfully named revolutions took place?
Iraq
19.1%
Can you name the word missing
from these colorfully titled works?
Wallpaper
16.5%
Can you name the country where each
of these colorfully named revolutions took place?
The Philippines
8.7%
Remove Ads.
Support Sporcle.
Get the best of Sporcle when you Go Orange. This ad-free experience offers more features, more stats, and more fun while also helping to support Sporcle. Thank you for becoming a member.

You're not logged in!

Compare scores with friends on all Sporcle quizzes.
OR
Log In

Show Comments

Extras

Top Quizzes Today


Score Distribution

Your Account Isn't Verified!

In order to create a playlist on Sporcle, you need to verify the email address you used during registration. Go to your Sporcle Settings to finish the process.

Report this User

Report this user for behavior that violates our Community Guidelines.

Details: